1696 1560 1910 1624 1891 1969 1743 1120 1285 1290 1491 1056 1175 1708 1478 1851 1455 1771 1617 1694 1507 1196 1116 1226 1937 1431 1662 1708 1964 1003 1696 1616 1265 1516 1783 1389 1872 1540 1902 1390 1282 1266 1308 1781 1388 1714 1639 1234 1718 1786 1962 1790 1760 1822 1095 1500 1033 1321 1739 1614 1887 1210 1658 1428 1196 1876 1388 1992 1995 1811 1025 1467 1077 1400 1892 1944 1341 1302 1599 1374 1945 1953 1915 1481 1758 1999 1603 1843 1255 1496 1256 1924 1593 1597 1957 1987 1221 1233 1884 BCNSPRNW ULIB Ver.6.0+V

เปลี่ยนเป็นภาษาไทย

Change to English
 แสดงรายละเอียดบรรณานุกรม
  กลับหน้าหลัก

Brief Record : Get Marc (ISO 2709) : E-mail record : QR code < ปิดหน้าต่าง
LEADER : 00000nam 2200000uu 4500
001    13399112478
003     ULIB
008    110818s2550||||th 000 0 tha d
020    9789749508800
050  4 HQ743^bพ557ร 2550
100 0  พันธ์ศักดิ์ ศุกระฤกษ์
245 10 เรื่องง่ายๆ ของคำว่า "คู่" /^cโดย พันธ์ศักดิ์ ศุกระฤกษ์
250    พิมพ์ครั้งที่ 1
260    กรุงเทพฯ :^bหมอชาวบ้าน,^c2550
300    254 หน้า :^bภาพประกอบ ;^c21 ซม.
650  4 การสมรส
650  4 เพศศึกษา
945    ^p175^l0^i020587
995    ทศพร
999 ^a ทศพร
รายการนี้ยังไม่มีแท็ก
คุณยังไม่ได้ล็อกอิน คุณสามารถมีกิจกรรมร่วมกับเว็บไซต์ได้ แต่ต้องล็อกอินก่อน ::
  ล็อกอิน

รายการสื่อสารสนเทศ

ลำดับที่ ประเภท เลขเรียก/บาร์โค้ด สถานที่ สถานะ
- ไม่พบข้อมูล -

รายการใกล้เคียง
    ผู้แต่ง [พันธ์ศักดิ์ ศุกระฤกษ์]

    หัวเรื่อง [การสมรส]
    หัวเรื่อง [เพศศึกษา]

BibComment


ยังไม่เคยถูกคอมเมนท์

คอมเมนท์ทรัพยากรรายการนี้
  คอมเมนท์: เรื่องง่ายๆ ของคำ..


 Copyright 2026. Bcnsprnw @Library